=LDR 00000nam 2200000 4500 =001 INLIS000000000017511 =005 20130612112724 =008 ***********************************Ind** =035 ##$$0010-061300000017511 =041 ##$$a Ind =082 ##$$a 616.853 =090 ##$$a 616.853, Mar k =100 ##$$a Markam, Sumarmo =245 ##$$a Kejang dan epilepsi, Soemarmo Markam =260 ##$$a 1998 $b Jakarta =300 ##$$a viii, 55 hlm, ilus, 19 cm =650 ##$$a Saraf-penyakit =850 ##$$a NBPNMAT =990 ##$$a 3624136241 =990 ##$$a 20600765 =990 ##$$a 20600766 =990 ##$$a 20600767 =990 ##$$a 20600768 =990 ##$$a 20602181 =990 ##$$a 20602182 =990 ##$$a 20602180 =990 ##$$a 01201807275